[Event "Sunnyvale LERA-ch 35th"]
[Site "Sunnyvale"]
[Date "2002.03.10"]
[Round "3"]
[White "Wang, Nathan"]
[Black "Vityugov, Eugene"]
[Result "1-0"]
[WhiteElo "1138"]
[BlackElo "1231"]
[PlyCount "59"]
[EventDate "2002.03.09"]
[EventType "swiss"]
[EventRounds "4"]
[EventCountry "USA"]
[SourceTitle "EXT 2007"]
[Source "ChessBase"]
[SourceDate "2006.11.23"]
[SourceVersion "1"]
[SourceVersionDate "2006.11.23"]
[SourceQuality "1"]

1. c4 e5 2. Nc3 Nc6 3. g3 b6 4. Bg2 Bb7 5. e3 Nf6 6. Nge2 Bb4 7. 0-0 Bxc3 8. Nxc3 d6 9. b4 Rb8 10. a3 Ne7 11. Bxb7 Rxb7 12. Bb2 c5 13. b5 Qd7 14. Qc2 Qh3 15. f3 h5 16. d4 Nf5 17. Rae1 cxd4 18. exd4 Nxd4 19. Qd3 Qf5 20. Qxd4 Qe6 21. Qd3 Rc7 22. Nd5 Nxd5 23. cxd5 Qf6 24. f4 Qe7 25. fxe5 Kd7 26. Rxf7 Qxf7 27. e6+ Kd8 28. exf7 Rxf7 29. Qg6 Rhf8 30. Qxd6+ 1-0

[Event "Sunnyvale LERA-ch 35th"]
[Site "Sunnyvale"]
[Date "2002.03.09"]
[Round "2"]
[White "Vityugov, Eugene"]
[Black "Chang, Corey"]
[Result "0-1"]
[WhiteElo "1231"]
[BlackElo "1407"]
[PlyCount "92"]
[EventDate "2002.03.09"]
[EventType "swiss"]
[EventRounds "4"]
[EventCountry "USA"]
[SourceTitle "EXT 2007"]
[Source "ChessBase"]
[SourceDate "2006.11.23"]
[SourceVersion "1"]
[SourceVersionDate "2006.11.23"]
[SourceQuality "1"]

1. d4 f5 2. Nf3 Nf6 3. Bf4 e6 4. Nbd2 d5 5. Ne5 Bd6 6. Ndf3 Nbd7 7. e3 Ne4 8. Bd3 Ndf6 9. c4 c6 10. c5 Bc7 11. Qa4 0-0 12. Qc2 Ba5+ 13. Ke2 Bd7 14. a3 Be8 15. b4 Bc7 16. Ke1 Bh5 17. Rg1 h6 18. Be2 Ng4 19. Bg3 Nxg3 20. hxg3 Nxe5 21. Nxe5 Bxe2 22. Qxe2 Bxe5 23. dxe5 Qg5 24. Qf3 Qg4 25. Qxg4 fxg4 26. Rh1 Rf5 27. Rd1 Raf8 28. Rd2 Rxe5 29. Rh4 h5 30. Ke2 Ref5 31. Ke1 g6 32. Rh1 Kg7 33. Rf1 g5 34. Ke2 e5 35. Kd3 h4 36. gxh4 gxh4 37. e4 Rf4 38. Re2 d4 39. Rd2 g3 40. f3 h3 41. Ke2 hxg2 42. Rg1 Rxf3 43. Rd3 Rf2+ 44. Kd1 Rf1+ 45. Rxf1 gxf1Q+ 46. Kc2 Rf2+ 0-1